| 000 | 00757nam a22002537a 4500 | ||
|---|---|---|---|
| 003 | CHAP | ||
| 005 | 20220329134559.0 | ||
| 008 | 971013s1983 r 00010 d | ||
| 010 | _a22481 | ||
| 011 | _a23453 | ||
| 035 | _a27549 | ||
| 040 | _cCHAP | ||
| 090 | _aFolleto 9001 | ||
| 110 |
_aComisión Coordinadora para el Desarrollo Agrícola y Ganadero del Estado de México _925665 |
||
| 245 |
_aDisyuntiva _b: nosotros o la rata |
||
| 260 |
_aMetepec, Méx. : _bLa Comisión, _c1983 |
||
| 300 | _a44 p. | ||
| 590 |
_aBATCH-UPD _b10 _c20130110 _lUCH01 _h0137 |
||
| 590 |
_aCONVERSION _b10 _c20130109 _lUCH01 _h1313 |
||
| 650 | 1 | 4 |
_aRatas _xExterminio. _994731 |
| 901 | _aBK | ||
| 942 | _cFOLL | ||
| 949 |
_aFolleto 9001 _bBC _cFOLL _d-63908 _eTS1 _i27549 _mD _si |
||
| 999 |
_c22481 _d22481 |
||